ZOO

Bibliographic Details
Main Author: Tylínek, Erich, 1908-1991 (Author)
Format: Book
Language:Czech
PhysicalDescription:272 s., 44 s. 33 cm
Published: Praha Orbis 1958
Edition:1. vyd.
Subjects:

MARC

LEADER 00000cam a2200000 a 4500
001 vtls001492775
003 SK-MaSNL
005 20260311131745.0
008 240314s1958 xr o 000 0 cze
040 |a SNK  |b slo  |c SNK  |e AACR 
041 0 |a cze 
043 |a e-cs--- 
044 |a xr  |c CZ 
080 |a 592/599  |2 2001 
080 |a 636.1/.9  |2 2001 
080 |a 59:069.029  |2 2001 
080 |a (437)  |2 2001 
080 |a (084.12)  |2 2001 
100 1 |a Tylínek, Erich,  |d 1908-1991  |4 aut  |9 98761 
245 1 0 |a ZOO  |c Erich Tylínek ; textová část Otakar Štěpánek, Cyril Purkyně 
250 |a 1. vyd. 
260 |a Praha  |b Orbis  |c 1958 
300 |a 272 s., 44 s.  |c 33 cm 
366 |e 10 000 výtl. 
500 |a Viazaná 
650 0 7 |a zvieratá  |2 SNKPH  |9 1091 
650 0 7 |a zoologické záhrady  |2 SNKPH  |9 69911 
651 7 |a Československo  |2 SNKPH  |9 21376 
655 7 |a fotografické publikácie  |2 SNKPH  |9 70483 
852 |a Štátna vedecká knižnica v Banskej Bystrici 
999 |c 785039  |d 786969 
952 |a SNK  |b SNK  |y VYP  |7 0  |p 17A0351601  |o snkIB 8273 D1  |i snkKIP 8432/58  |3 Rekatalogizácia  |0 0  |1 1  |4 0  |d 2005-02-08  |l 0  |r 2026-02-24 01:17:25  |w 2026-02-24